|
|
|
|
| LEADER |
00000css a2200000 a 4500 |
| 001 |
1869 |
| 003 |
Ucuenca |
| 005 |
20240401084759.0 |
| 008 |
000000|1944 ec |||||r|||||||||||spa|| |
| 040 |
|
|
|b spa
|
| 041 |
1 |
|
|a spa
|
| 082 |
0 |
|
|a 368.05
|b M644b
|
| 110 |
2 |
|
|a Ministerio del Trabajo (Ecuador).
|9 18299
|
| 245 |
|
0 |
|a Boletín del Ministerio de Previsión Social y Trabajo
|c Ministerio de Previsión Social y Trabajo
|h imp
|
| 264 |
|
|
|a Quito
|b Ministerio de Previsión Social y Trabajo
|c Junio y julio de 1944
|
| 300 |
|
|
|a 171 páginas:
|c 21,5 cm
|
| 362 |
|
|
|a no. 15 (junio y julio de 1944)
|
| 504 |
|
|
|a incl. ref.
|
| 650 |
|
|
|a Boletin previnsion social
|9 213057
|
| 852 |
|
|
|a UC-CDJBV
|f Donación
|l 1
|m General
|p 00000000
|q 1.00
|r 2
|t 1869
|b 0
|d CDRC
|e CDRC
|g 368.05 M644b TERCER PISO (SECCION REVISTAS)
|z 0000-00-00
|
| 942 |
|
|
|c SER
|
| 999 |
|
|
|c 138236
|d 138236
|